000 00586nam a2200181 u 4500
001 000641385
003 AM-YeHGA
005 20250617140826.0
008 090312s1962 ||| r 000 0 rus d
040 _aAM-YeHGA
041 0 _arus
100 1 _aВоронин, Юрий Иванович
245 1 0 _aЗеленая улица :
_bРассказы /
_cЮрий Воронин.
260 _aКострома :
_bКостромское кн. изд-во,
_c1962.
300 _a39 с.
653 0 _aРусская художественная проза - 20 в.
090 _c228891
999 _c227348
_d227348